000 00719cab a2200253 4500
001 ABS54729
008 090401t1996 xxu||||| |||| 00| 0 eng d
035 _a(Sirsi) u12018
041 _aeng
100 _aJames, J.
245 _aThink PFI when funding HQs
260 _c1996
350 _a0
490 _aProperty Week
_v54(12) 21 March 1996, 30-31(2)
520 _aSuggest that PFI arrangements could be using for financing corporate buildings.
650 _aCORPORATE BUILDINGS
650 _aHEADQUARTERS BUILDINGS
650 _aPFI
650 _aPRIVATE FINANCE INITIATIVE
650 _aSALE AND LEASEHOLD
690 _aPROPERTY-PROPERTY FINANCE AND INVESTMENT
942 _n0
948 _c04/03/1997
999 _c7686
_d7686